Rahashyar chaknoiyat UFO (Record no. 8731)
[ view plain ]
| 000 -LEADER | |
|---|---|
| fixed length control field | 00478cam a2200205ua 4500 |
| 001 - CONTROL NUMBER | |
| control field | 9726 |
| 005 - DATE AND TIME OF LATEST TRANSACTION | |
| control field | 20260515114521.0 |
| 008 - FIXED-LENGTH DATA ELEMENTS--GENERAL INFORMATION | |
| fixed length control field | 160808n ii |||gr||||Z||||||asm |
| 040 ## - CATALOGING SOURCE | |
| Transcribing agency | MAIN |
| 041 ## - LANGUAGE CODE | |
| Language code of text/sound track or separate title | asm |
| 082 ## - DEWEY DECIMAL CLASSIFICATION NUMBER | |
| Classification number | 001.942 |
| 100 ## - MAIN ENTRY--PERSONAL NAME | |
| Personal name | Saikia, Kabir, |
| Relator term | Author. |
| 245 ## - TITLE STATEMENT | |
| Title | Rahashyar chaknoiyat UFO |
| Statement of responsibility, etc. | by Kabir Saikia |
| 250 ## - EDITION STATEMENT | |
| Edition statement | 1st ed. |
| 260 ## - PUBLICATION, DISTRIBUTION, ETC. | |
| Place of publication, distribution, etc. | Dibrugarh: |
| Name of publisher, distributor, etc. | Koushtav prakashan, |
| Date of publication, distribution, etc. | 2010. |
| 300 ## - PHYSICAL DESCRIPTION | |
| Extent | 84p. |
| 653 ## - INDEX TERM--UNCONTROLLED | |
| Uncontrolled term | Knowledge |
| 653 ## - INDEX TERM--UNCONTROLLED | |
| Uncontrolled term | UFO |
| 942 ## - ADDED ENTRY ELEMENTS (KOHA) | |
| Koha item type | Books |
| Withdrawn status | Lost status | Damaged status | Not for loan | Home library | Current library | Shelving location | Date acquired | Total checkouts | Full call number | Barcode | Date last seen | Copy number | Price effective from | Koha item type |
|---|---|---|---|---|---|---|---|---|---|---|---|---|---|---|
| Naharkatiya College Library | Naharkatiya College Library | General stacks | 09/19/2020 | 001.942 | SAI | 21852 | 09/19/2020 | 1 | 09/19/2020 | Books |